<?xml version="1.0" encoding="UTF-8"?>
<record
    xmlns:xsi="http://www.w3.org/2001/XMLSchema-instance"
    xsi:schemaLocation="http://www.loc.gov/MARC21/slim http://www.loc.gov/standards/marcxml/schema/MARC21slim.xsd"
    xmlns="http://www.loc.gov/MARC21/slim">

  <leader>00680nam a22001577a 4500</leader>
  <controlfield tag="003">OSt</controlfield>
  <controlfield tag="005">20151224095133.0</controlfield>
  <controlfield tag="008">151224b        xxu||||| |||| 00| 0 eng d</controlfield>
  <datafield tag="040" ind1=" " ind2=" ">
    <subfield code="c">RUA</subfield>
  </datafield>
  <datafield tag="082" ind1=" " ind2=" ">
    <subfield code="a">AED LAM 2012 B259 Or.1</subfield>
  </datafield>
  <datafield tag="100" ind1=" " ind2=" ">
    <subfield code="9">5490</subfield>
    <subfield code="a">LAM, LANH.</subfield>
  </datafield>
  <datafield tag="245" ind1=" " ind2=" ">
    <subfield code="a">The using of household biodigester in chak commune, ou reang ov district, kampong cham province (&#x1780;&#x17B6;&#x179A;&#x1794;&#x17D2;&#x179A;&#x17BE;&#x1794;&#x17D2;&#x179A;&#x17B6;&#x179F;&#x17CB;&#x17A1;&#x1787;&#x17B8;&#x179C;&#x17A7;&#x179F;&#x17D2;&#x1798;&#x17D0;&#x1793;&#x1787;&#x17B6;&#x179B;&#x1780;&#x17D2;&#x1781;&#x178E;&#x17C7;&#x1782;&#x17D2;&#x179A;&#x17BD;&#x179F;&#x17B6;&#x179A;&#x1780;&#x17D2;&#x1793;&#x17BB;&#x1784;&#x1783;&#x17BB;&#x17C6;&#x1785;&#x1780;&#x179F;&#x17D2;&#x179A;&#x17BB;&#x1780;&#x17A2;&#x17BC;&#x179A;&#x179A;&#x17B6;&#x17C6;&#x1784;&#x17AA;&#x1781;&#x17C1;&#x178F;&#x17D2;&#x178F;&#x1780;&#x17C6;&#x1796;&#x1784;&#x17CB;&#x1785;&#x17B6;&#x1798;)</subfield>
  </datafield>
  <datafield tag="260" ind1=" " ind2=" ">
    <subfield code="a">Phnom Penh</subfield>
    <subfield code="b">RUA</subfield>
    <subfield code="c">2012</subfield>
  </datafield>
  <datafield tag="300" ind1=" " ind2=" ">
    <subfield code="a">x, 50p.</subfield>
    <subfield code="b">ill.</subfield>
    <subfield code="c">29cm.</subfield>
  </datafield>
  <datafield tag="942" ind1=" " ind2=" ">
    <subfield code="2">ddc</subfield>
    <subfield code="c">AED</subfield>
  </datafield>
  <datafield tag="999" ind1=" " ind2=" ">
    <subfield code="c">5108</subfield>
    <subfield code="d">5108</subfield>
  </datafield>
  <datafield tag="952" ind1=" " ind2=" ">
    <subfield code="0">0</subfield>
    <subfield code="1">0</subfield>
    <subfield code="2">ddc</subfield>
    <subfield code="4">0</subfield>
    <subfield code="6">AED_LAM_2012_000000000000000_B259_OR_1</subfield>
    <subfield code="7">0</subfield>
    <subfield code="9">27046</subfield>
    <subfield code="a">LBB</subfield>
    <subfield code="b">LBB</subfield>
    <subfield code="c">B259</subfield>
    <subfield code="d">2015-12-24</subfield>
    <subfield code="l">1</subfield>
    <subfield code="o">AED LAM 2012 B259 Or.1</subfield>
    <subfield code="p">RUA032781</subfield>
    <subfield code="r">2016-06-11</subfield>
    <subfield code="s">2016-05-09</subfield>
    <subfield code="w">2015-12-24</subfield>
    <subfield code="y">AED</subfield>
  </datafield>
  <datafield tag="952" ind1=" " ind2=" ">
    <subfield code="0">0</subfield>
    <subfield code="1">0</subfield>
    <subfield code="2">ddc</subfield>
    <subfield code="4">0</subfield>
    <subfield code="6">AED_LAM_2012_000000000000000_B259_OR_2</subfield>
    <subfield code="7">0</subfield>
    <subfield code="9">27047</subfield>
    <subfield code="a">LBB</subfield>
    <subfield code="b">LBB</subfield>
    <subfield code="c">B259</subfield>
    <subfield code="d">2015-12-24</subfield>
    <subfield code="l">1</subfield>
    <subfield code="o">AED LAM 2012 B259 Or.2</subfield>
    <subfield code="p">RUA032785</subfield>
    <subfield code="r">2017-01-03</subfield>
    <subfield code="s">2016-12-28</subfield>
    <subfield code="w">2015-12-24</subfield>
    <subfield code="y">AED</subfield>
  </datafield>
  <datafield tag="952" ind1=" " ind2=" ">
    <subfield code="0">0</subfield>
    <subfield code="1">0</subfield>
    <subfield code="2">ddc</subfield>
    <subfield code="4">0</subfield>
    <subfield code="6">AED_LAM_2012_000000000000000_B259_OR_3</subfield>
    <subfield code="7">0</subfield>
    <subfield code="9">27048</subfield>
    <subfield code="a">LBB</subfield>
    <subfield code="b">LBB</subfield>
    <subfield code="c">B259</subfield>
    <subfield code="d">2015-12-24</subfield>
    <subfield code="o">AED LAM 2012 B259 Or.3</subfield>
    <subfield code="p">RUA032839...........</subfield>
    <subfield code="r">2015-12-24</subfield>
    <subfield code="w">2015-12-24</subfield>
    <subfield code="y">AED</subfield>
  </datafield>
  <datafield tag="952" ind1=" " ind2=" ">
    <subfield code="0">0</subfield>
    <subfield code="1">0</subfield>
    <subfield code="2">ddc</subfield>
    <subfield code="4">0</subfield>
    <subfield code="6">AED_LAM_2012_000000000000000_B259_OR_4</subfield>
    <subfield code="7">0</subfield>
    <subfield code="9">27049</subfield>
    <subfield code="a">LBB</subfield>
    <subfield code="b">LBB</subfield>
    <subfield code="c">B259</subfield>
    <subfield code="d">2015-12-24</subfield>
    <subfield code="o">AED LAM 2012 B259 Or.4</subfield>
    <subfield code="p">RUA032830</subfield>
    <subfield code="r">2015-12-24</subfield>
    <subfield code="w">2015-12-24</subfield>
    <subfield code="y">AED</subfield>
  </datafield>
  <datafield tag="952" ind1=" " ind2=" ">
    <subfield code="0">0</subfield>
    <subfield code="1">0</subfield>
    <subfield code="2">ddc</subfield>
    <subfield code="4">0</subfield>
    <subfield code="6">AED_LAM_2012_000000000000000_B259_OR_5</subfield>
    <subfield code="7">0</subfield>
    <subfield code="9">27050</subfield>
    <subfield code="a">LBB</subfield>
    <subfield code="b">LBB</subfield>
    <subfield code="c">B259</subfield>
    <subfield code="d">2015-12-24</subfield>
    <subfield code="l">3</subfield>
    <subfield code="m">1</subfield>
    <subfield code="o">AED LAM 2012 B259 Or.5</subfield>
    <subfield code="p">RUA032783</subfield>
    <subfield code="r">2018-05-25</subfield>
    <subfield code="s">2018-05-04</subfield>
    <subfield code="w">2015-12-24</subfield>
    <subfield code="y">AED</subfield>
  </datafield>
  <datafield tag="952" ind1=" " ind2=" ">
    <subfield code="0">0</subfield>
    <subfield code="1">0</subfield>
    <subfield code="2">ddc</subfield>
    <subfield code="4">0</subfield>
    <subfield code="6">AED_LAM_2012_000000000000000_B259_OR_6</subfield>
    <subfield code="7">0</subfield>
    <subfield code="9">27051</subfield>
    <subfield code="a">LBB</subfield>
    <subfield code="b">LBB</subfield>
    <subfield code="c">B259</subfield>
    <subfield code="d">2015-12-24</subfield>
    <subfield code="l">1</subfield>
    <subfield code="o">AED LAM 2012 B259 Or.6</subfield>
    <subfield code="p">RUA032798</subfield>
    <subfield code="r">2018-03-05</subfield>
    <subfield code="s">2018-02-02</subfield>
    <subfield code="w">2015-12-24</subfield>
    <subfield code="y">AED</subfield>
  </datafield>
  <datafield tag="952" ind1=" " ind2=" ">
    <subfield code="0">0</subfield>
    <subfield code="1">0</subfield>
    <subfield code="2">ddc</subfield>
    <subfield code="4">0</subfield>
    <subfield code="6">AED_LAM_2012_000000000000000_B259_OR_7</subfield>
    <subfield code="7">0</subfield>
    <subfield code="9">27052</subfield>
    <subfield code="a">LBB</subfield>
    <subfield code="b">LBB</subfield>
    <subfield code="c">B259</subfield>
    <subfield code="d">2015-12-24</subfield>
    <subfield code="l">1</subfield>
    <subfield code="o">AED LAM 2012 B259 Or.7</subfield>
    <subfield code="p">RUA032850</subfield>
    <subfield code="q">2016-05-28</subfield>
    <subfield code="r">2016-04-19</subfield>
    <subfield code="s">2016-04-19</subfield>
    <subfield code="w">2015-12-24</subfield>
    <subfield code="y">AED</subfield>
  </datafield>
  <datafield tag="952" ind1=" " ind2=" ">
    <subfield code="0">0</subfield>
    <subfield code="1">0</subfield>
    <subfield code="2">ddc</subfield>
    <subfield code="4">0</subfield>
    <subfield code="6">AED_LAM_2012_000000000000000_B259_OR_8</subfield>
    <subfield code="7">0</subfield>
    <subfield code="9">27053</subfield>
    <subfield code="a">LBB</subfield>
    <subfield code="b">LBB</subfield>
    <subfield code="c">B259</subfield>
    <subfield code="d">2015-12-24</subfield>
    <subfield code="l">3</subfield>
    <subfield code="o">AED LAM 2012 B259 Or.8</subfield>
    <subfield code="p">RUA032854</subfield>
    <subfield code="r">2017-08-07</subfield>
    <subfield code="s">2017-02-18</subfield>
    <subfield code="w">2015-12-24</subfield>
    <subfield code="y">AED</subfield>
  </datafield>
  <datafield tag="952" ind1=" " ind2=" ">
    <subfield code="0">0</subfield>
    <subfield code="1">0</subfield>
    <subfield code="2">ddc</subfield>
    <subfield code="4">0</subfield>
    <subfield code="6">AED_LAM_2012_000000000000000_B1_198_OR_1</subfield>
    <subfield code="7">0</subfield>
    <subfield code="9">76848</subfield>
    <subfield code="a">LBB</subfield>
    <subfield code="b">LBB</subfield>
    <subfield code="c">B1.198</subfield>
    <subfield code="d">2019-01-03</subfield>
    <subfield code="o">AED LAM 2012 B1.198 Or.1</subfield>
    <subfield code="p">A35310</subfield>
    <subfield code="r">2019-01-03</subfield>
    <subfield code="w">2019-01-03</subfield>
    <subfield code="y">AED</subfield>
  </datafield>
  <datafield tag="952" ind1=" " ind2=" ">
    <subfield code="0">0</subfield>
    <subfield code="1">0</subfield>
    <subfield code="2">ddc</subfield>
    <subfield code="4">0</subfield>
    <subfield code="6">AED_LAM_2012_000000000000000_B1_198_OR_2</subfield>
    <subfield code="7">0</subfield>
    <subfield code="9">76849</subfield>
    <subfield code="a">LBB</subfield>
    <subfield code="b">LBB</subfield>
    <subfield code="c">B1.198</subfield>
    <subfield code="d">2019-01-03</subfield>
    <subfield code="o">AED LAM 2012 B1.198 Or.2</subfield>
    <subfield code="p">A35800</subfield>
    <subfield code="r">2019-01-03</subfield>
    <subfield code="w">2019-01-03</subfield>
    <subfield code="y">AED</subfield>
  </datafield>
</record>
